| Tag |
First Indicator |
Second Indicator |
Subfields |
| LEADER |
00000cam a2200000 4500 |
| 001 |
in00000066641 |
| 005 |
20151007083658.0 |
| 008 |
720317r19371936nyu 00010 eng u |
| 010 |
|
|
|a 38016751
|
| 035 |
|
|
|a (OCoLC)00265978
|
| 035 |
|
|
|9 AAF9720AM
|
| 040 |
|
|
|c CSU
|d TXA
|d UtOrBLW
|
| 049 |
|
|
|a TXAM
|c [76570]
|
| 050 |
|
0 |
|a H61
|b .H65 1937a
|
| 092 |
|
|
|a 304
|b H715r
|
| 100 |
1 |
|
|a Hogben, Lancelot Thomas,
|d 1895-1975.
|
| 245 |
1 |
4 |
|a The retreat from reason ... /
|c by Lancelot Hogben ...
|
| 264 |
|
1 |
|a New York :
|b Random House,
|c [1937]
|
| 264 |
|
4 |
|c [©1937]
|
| 300 |
|
|
|a x, 102p. ;
|c 21cm.
|
| 336 |
|
|
|a text
|b txt
|2 rdacontent
|
| 337 |
|
|
|a unmediated
|b n
|2 rdamedia
|
| 338 |
|
|
|a volume
|b nc
|2 rdacarrier
|
| 490 |
1 |
|
|a Conway memorial lecture
|
| 500 |
|
|
|a "First published May, 1936."
|
| 500 |
|
|
|a Originally published 1936 as Conway memorial lecture.
|
| 650 |
|
0 |
|a Social problems.
|
| 650 |
|
0 |
|a Reason.
|
| 830 |
|
0 |
|a Conway memorial lecture.
|
| 999 |
|
|
|a MARS
|
| 999 |
f |
f |
|s fc850fe8-cf75-3de9-9279-ae6c43588cee
|i cf1d106c-a9fd-3e41-b311-83e45dce2920
|t 0
|
| 952 |
f |
f |
|p ric
|a Texas A&M University
|b Rellis Campus
|c Joint Library Facility
|d Remote Storage
|t 0
|e H61 .H65 1937a
|h Library of Congress classification
|i unmediated -- volume
|m A14800645158
|
| 998 |
f |
f |
|a H61 .H65 1937a
|t 0
|l Remote Storage
|